<?xml version="1.0" encoding="UTF-8"?>
<record
    xmlns:xsi="http://www.w3.org/2001/XMLSchema-instance"
    xsi:schemaLocation="http://www.loc.gov/MARC21/slim http://www.loc.gov/standards/marcxml/schema/MARC21slim.xsd"
    xmlns="http://www.loc.gov/MARC21/slim">

  <leader>01066nam a22002537a 4500</leader>
  <controlfield tag="005">20240530110506.0</controlfield>
  <controlfield tag="008">151011s2011    ua a   f      000 m ara d</controlfield>
  <datafield tag="017" ind1=" " ind2=" ">
    <subfield code="a">2011/9501</subfield>
    <subfield code="b">&#x645;&#x635;&#x631; . &#x62F;&#x627;&#x631; &#x627;&#x644;&#x643;&#x62A;&#x628; &#x627;&#x644;&#x645;&#x635;&#x631;&#x64A;&#x629;</subfield>
  </datafield>
  <datafield tag="020" ind1=" " ind2=" ">
    <subfield code="a">9789773143871</subfield>
  </datafield>
  <datafield tag="040" ind1=" " ind2=" ">
    <subfield code="a">EG-CaGPL</subfield>
  </datafield>
  <datafield tag="082" ind1="0" ind2="4">
    <subfield code="2">21</subfield>
    <subfield code="a">818.02/</subfield>
    <subfield code="b">&#x623; &#x646;</subfield>
  </datafield>
  <datafield tag="100" ind1="0" ind2=" ">
    <subfield code="a">&#x627;&#x633;&#x627;&#x645;&#x629; &#x645;&#x62D;&#x645;&#x62F; &#x645;&#x635;&#x637;&#x641;&#x649; &#x627;&#x644;&#x641;&#x642;&#x649; .</subfield>
  </datafield>
  <datafield tag="245" ind1="1" ind2="2">
    <subfield code="a">&#x627;&#x644;&#x646;&#x643;&#x62A;&#x629; &#x627;&#x644;&#x645;&#x635;&#x631;&#x64A;&#x629; &#x641;&#x649; &#x627;&#x644;&#x62B;&#x648;&#x631;&#x629; &#x627;&#x644;&#x634;&#x639;&#x628;&#x64A;&#x629; :</subfield>
    <subfield code="b">&#x62B;&#x648;&#x631;&#x629; 25 &#x64A;&#x646;&#x627;&#x64A;&#x631; 2011 /</subfield>
    <subfield code="c">&#x627;&#x633;&#x627;&#x645;&#x629; &#x645;&#x62D;&#x645;&#x62F; &#x645;&#x635;&#x637;&#x641;&#x649; &#x627;&#x644;&#x641;&#x642;&#x649; .</subfield>
  </datafield>
  <datafield tag="250" ind1=" " ind2=" ">
    <subfield code="a">&#x637;1.</subfield>
  </datafield>
  <datafield tag="260" ind1=" " ind2=" ">
    <subfield code="a">&#x627;&#x644;&#x642;&#x627;&#x647;&#x631;&#x629; :</subfield>
    <subfield code="b">&#x645;&#x643;&#x62A;&#x628;&#x629; &#x632;&#x647;&#x631;&#x627;&#x621; &#x627;&#x644;&#x634;&#x631;&#x642; &#x60C;</subfield>
    <subfield code="c">2011 .</subfield>
  </datafield>
  <datafield tag="300" ind1=" " ind2=" ">
    <subfield code="a">184 &#x635; &#x61B;</subfield>
    <subfield code="c">24 &#x633;&#x645; .</subfield>
  </datafield>
  <datafield tag="650" ind1="0" ind2="4">
    <subfield code="a">&#x627;&#x644;&#x627;&#x647;&#x627;&#x62C;&#x649; &#x648; &#x627;&#x644;&#x641;&#x643;&#x627;&#x647;&#x627;&#x62A; .</subfield>
  </datafield>
  <datafield tag="650" ind1="0" ind2="4">
    <subfield code="a">&#x627;&#x644;&#x627;&#x647;&#x627;&#x62C;&#x649; &#x648; &#x627;&#x644;&#x641;&#x643;&#x627;&#x647;&#x627;&#x62A; </subfield>
    <subfield code="y">&#x62B;&#x648;&#x631;&#x629; 25 &#x64A;&#x646;&#x627;&#x64A;&#x631; .</subfield>
    <subfield code="z">&#x645;&#x635;&#x631;</subfield>
  </datafield>
  <datafield tag="650" ind1="0" ind2="4">
    <subfield code="a">&#x627;&#x644;&#x627;&#x647;&#x627;&#x62C;&#x649; &#x648; &#x627;&#x644;&#x641;&#x643;&#x627;&#x647;&#x627;&#x62A; </subfield>
    <subfield code="z">&#x645;&#x635;&#x631; .</subfield>
  </datafield>
  <datafield tag="651" ind1="0" ind2="4">
    <subfield code="a">&#x645;&#x635;&#x631;</subfield>
    <subfield code="x">&#x62A;&#x627;&#x631;&#x64A;&#x62E;</subfield>
    <subfield code="x">&#x627;&#x644;&#x62B;&#x648;&#x631;&#x627;&#x62A; .</subfield>
  </datafield>
  <datafield tag="651" ind1="0" ind2="4">
    <subfield code="a">&#x645;&#x635;&#x631;</subfield>
    <subfield code="x">&#x62A;&#x627;&#x631;&#x64A;&#x62E;</subfield>
    <subfield code="y">&#x627;&#x644;&#x639;&#x635;&#x631; &#x627;&#x644;&#x62D;&#x62F;&#x64A;&#x62B; </subfield>
    <subfield code="y">&#x62B;&#x648;&#x631;&#x629; 25 &#x64A;&#x646;&#x627;&#x64A;&#x631; .</subfield>
  </datafield>
  <datafield tag="942" ind1=" " ind2=" ">
    <subfield code="2">ddc</subfield>
    <subfield code="c">BK</subfield>
  </datafield>
  <datafield tag="999" ind1=" " ind2=" ">
    <subfield code="c">61572</subfield>
    <subfield code="d">61572</subfield>
  </datafield>
  <datafield tag="952" ind1=" " ind2=" ">
    <subfield code="0">0</subfield>
    <subfield code="1">0</subfield>
    <subfield code="4">0</subfield>
    <subfield code="7">0</subfield>
    <subfield code="a">CAI</subfield>
    <subfield code="b">CAI</subfield>
    <subfield code="d">2015-10-11</subfield>
    <subfield code="l">0</subfield>
    <subfield code="o">818.02/ &#x623; &#x646;</subfield>
    <subfield code="p">160898</subfield>
    <subfield code="r">2015-10-11 00:00:00</subfield>
    <subfield code="w">2015-10-11</subfield>
    <subfield code="y">BK</subfield>
  </datafield>
</record>
